000 00914nam a22002417a 4500
999 _c10019
_d10019
003 AR-CdUCM
008 190329b ||||| |||| 00| 0 spa d
040 _aMUNICIPALIDAD PROVINCIAL DEL CUSCO
_cBIBLIOTECA MUNICIPAL DEL CUSCO
082 _22ed.
_a800.92 /
_bZ98 T / 1935
100 _aZweig, Stefan
_910851
245 _aTres maestros :
_b Balzac, Dickens, Dostoiewski /
260 _aSantiago de Chile ;
_bEditorial cultural,
_c1935.
300 _a164 paginas ;
_c19 cm.
440 _aColección " hombres e ideas" Filosofía - política - biografías "
_926619
505 _aContenido : Balzac -- Dickens -- Dostoiewski -- El sentido de su destino -- Los hombres de Dostoiewski...
650 _aBalzac, Honoré
_926620
650 _aDostoievski, Fedor,
_926621
650 _aDickens, Charles
_926622
650 _aFilosofía
_9395
650 _aBiografías
_9148
942 _2ddc
_cLIBROS
945 _awnts